000 00814nam a2200241Ia 4500
005 20260430150716.0
008 008 250103s9999 xx 000 0 eng d
037 _aTheses
040 _aCRL
040 _beng
040 _ceng
041 _2eng
041 _aeng
084 _qCRL
100 _aSharma Prachi Au.; Baishya Ratul Gu.
_91238265
245 2 _aA Sustainable Approach for Enhancing Morpho-Physiological,Biochemical and Anti-Cancerous Alkaloids in Catharanthus Roseus and Withania Somnifera Plants Growing in Salinity Stress Conditions Using Plant Growth Promoting Bacteria and Arbuscular Mycorr
260 _c2024
300 _a215p.
650 _aBotany
700 _aUniversity of Delhi. Faculty of Science. Deptt. of Botany
_91237477
942 _cTH
999 _c1850436
_d1850436